| 000 | 01318nam a2200205 a 4500 | ||
|---|---|---|---|
| 001 | ASIN1741796792 | ||
| 005 | 20170105102923.0 | ||
| 008 | 131209s2011 xxu eng d | ||
| 020 |
_a1741796792 (paperback) _c$29.99 |
||
| 020 | _a9781741796797 (paperback) | ||
| 040 | _a0 | ||
| 100 | 1 | _aBerkmoes, Ryan Ver. | |
| 245 | 1 | 0 |
_aLonely planet lonely planet western europe / _cRyan Ver Berkmoes. |
| 250 | _a10th ed. | ||
| 260 |
_a[S.l.] : _bLonely Planet, _c2011. |
||
| 300 |
_a1184 p. ; _c20 cm. |
||
| 520 | _a“Nowhere else can so many cultures be found in such a tight space – you can wake up on the Mediterranean coast, have lunch in Paris and see a show that night in London.” – Ryan Ver Berkmoes, Lonely Planet Writer Our Promise You can trust our travel information because Lonely Planet authors visit the places we write about, each and every edition. We never accept freebies for positive coverage, and you can rely on us to tell it like we see it. Inside This Book… 14 expert authors 13 mountain ranges crossed 6,354,782 sq km explored 73 local beers sampled Inspirational photos Clear, easy-to-use maps In-depth background Easy-to-read layout Comprehensive planning tools At-a-glance practi | ||
| 856 |
_3Amazon.com _uhttp://www.amazon.com/exec/obidos/ASIN/1741796792/chopac |
||
| 942 |
_2ddc _cBK |
||
| 999 |
_c15695 _d15695 |
||